| 000 | 00942cam a2200253 i 4500 | ||
|---|---|---|---|
| 003 | SA-RiAUC | ||
| 005 | 20260419150527.0 | ||
| 008 | 260419s1999 su g 00000 ara c | ||
| 040 |
_aSA-RiAUC _bara _cSA-RiAUC _erda |
||
| 082 | 0 | 4 | _a809 |
| 090 |
_a809 _bر د ا |
||
| 100 | 1 |
_aرداوي، محمود. _eمؤلف. |
|
| 245 | 1 | 2 |
_aالأدب المقارن في ضوء الرؤية العربية والإسلامية / _cمحمود رداوي. |
| 264 | 1 |
_aالرياض : _bالمجلة العربية، _c1999 |
|
| 300 |
_a32 صفحة ؛ _c21 سم. |
||
| 336 |
_aنص _btxt _2rdacontent _3كتاب |
||
| 337 |
_aبدون وسيط _bn _2rdamedia |
||
| 338 |
_aمجلد _bnc _2rdacarrier |
||
| 440 | 0 |
_aكتيب المجلة العربية _v30 |
|
| 650 | 7 |
_aالأدب _xتاريخ ونقد _2aucsh |
|
| 650 | 7 |
_aالأدب العربي _xتاريخ ونقد _2aucsh |
|
| 942 |
_2ddc _cBOOK _n0 |
||
| 949 |
_aSA-JeALM _d260419 _umohamedma123 _n1 |
||
| 999 |
_c14844 _d14844 |
||